Authors by Novels - Statistics

General Stats
  • This quiz has been taken 91 times
  • The average score is 50 of 100
Answer Stats
Hint Answer % Correct
The Iliad, The Odyssey Homer
96%
The Great Gatsby F. Scott Fitzgerald
89%
1984, Animal Farm George Orwell
86%
The Adventures of Huckleberry Finn, The Adventures of Tom Sawyer Mark Twain
86%
Frankenstein Mary Shelley
86%
Hamlet, Macbeth, Romeo and Juliet William Shakespeare
86%
Moby-Dick Herman Melville
85%
Crime and Punishment, The Brothers Karamazov Fyodor Dostoevsky
83%
War and Peace, Anna Karenina, The Death of Ivan Ilyich Leo Tolstoy
83%
Les Misérables, The Hunchback of Notre-Dame Victor Hugo
82%
The Old Man and the Sea, A Farewell to Arms Ernest Hemingway
81%
Pride and Prejudice, Sense and Sensibility, Mansfield Park Jane Austen
81%
The Canterbury Tales Geoffrey Chaucer
78%
Wuthering Heights Emily Brontë
75%
The Catcher in the Rye J.D. Salinger
75%
Great Expectations, A Tale of Two Cities Charles Dickens
74%
Lolita Vladimir Nabokov
74%
Do Androids Dream of Electric Sheep? Philip K. Dick
72%
One Hundred Years of Solitude, Love in the Time of Cholera Gabriel García Márquez
71%
The Raven, The Tell-Tale Heart Edgar Allan Poe
69%
The Republic Plato
69%
The Sound and the Fury, As I Lay Dying William Faulkner
69%
Brave New World Aldous Huxley
68%
Jane Eyre Charlotte Brontë
68%
Paradise Lost John Milton
68%
To the Lighthouse, Mrs. Dalloway Virginia Woolf
68%
Candide Voltaire
68%
The Bell Jar, Ariel Sylvia Plath
67%
Ulysses, Dubliners James Joyce
65%
The Communist Manifesto Karl Marx
65%
To Kill a Mockingbird Harper Lee
64%
The Metamorphosis, The Trial Franz Kafka
63%
Madame Bovary Gustave Flaubert
63%
The Picture of Dorian Gray, The Importance of Being Earnest Oscar Wilde
63%
Waiting for Godot Samuel Beckett
63%
The Divine Comedy Dante Alighieri
61%
Fahrenheit 451, Something Wicked this Way Comes Ray Bradbury
61%
The Aeneid Virgil
61%
Lord of the Flies William Golding
61%
The Stranger, The Plague Albert Camus
60%
The Road, Blood Meridian Cormac McCarthy
60%
Don Quixote Miguel de Cervantes
60%
Leaves of Grass, Song of Myself, O Captain My Captain Walt Whitman
60%
Gulliver’s Travels Jonathan Swift
58%
The Scarlet Letter Nathaniel Hawthorne
58%
Robinson Crusoe Daniel Defoe
57%
Oedipus Rex, Antigone Sophocles
57%
The Prince Niccolò Machiavelli
56%
Beloved, Song of Solomon Toni Morrison
56%
In Search of Lost Time Marcel Proust
54%
The Handmaid’s Tale Margaret Atwood
54%
Midnight’s Children, The Satanic Verses Salman Rushdie
54%
A Passage to India, Howard’s End E.M. Forster
51%
Lady Chatterley’s Lover, Sons and Lovers D.H. Lawrence
50%
Tess of the d’Urbervilles, Far from the Madding Crowd Thomas Hardy
50%
Heart of Darkness Joseph Conrad
49%
Slaughterhouse-Five, Harrison Bergeron Kurt Vonnegut
49%
Invisible Man Ralph Ellison
47%
The Call of Cthulhu H.P. Lovecraft
46%
The Road Not Taken, Stopping by Woods on a Snowy Evening Robert Frost
46%
Thus Spoke Zarathustra Friedrich Nietzsche
42%
Confessions, The Social Contract Jean-Jacques Rousseau
40%
Nausea, No Exit Jean-Paul Sartre
40%
Never Let Me Go, The Remains of the Kazuo Ishiguro
40%
Medea, The Bacchae Euripides
38%
The Turn of the Screw, The Portrait of a Lady Henry James
38%
Go Tell it on the Mountain, Giovanni's Room James Baldwin
38%
The Waste Land, Four Quartets T.S. Eliot
36%
White Teeth Zadie Smith
36%
The Rape of the Lock, An Essay on Man Alexander Pope
35%
White Noise Don DeLillo
33%
Norwegian Wood, Kafka on the Shore Haruki Murakami
33%
Tartuffe, The Misanthrope Molière
33%
Poetics Aristotle
32%
Invisible Cities, If on a Winter’s Night a Traveler Italo Calvino
32%
Metamorphoses Ovid
32%
Gravity’s Rainbow Thomas Pynchon
32%
The Bloody Chamber Angela Carter
31%
Things Fall Apart Chinua Achebe
29%
Lysistrata, The Clouds Aristophanes
28%
My Brilliant Friend Elena Ferrante
26%
Hope is the thing with Feathers, I heard a fly buzz-when I died Emily Dickinson
26%
Interpreter of Maladies, The Namesake Jhumpa Lahiri
25%
The Unbearable Lightness of Being Milan Kundera
25%
The Underground Railroad Colson Whitehead
24%
Disgrace J.M. Coetzee
24%
Ficciones, The Aleph Jorge Luis Borges
24%
Infinite Jest David Foster Wallace
21%
A Vindication of the Rights of Woman Mary Wollstonecraft
19%
The Left Hand of Darkness Ursula K. Le Guin
18%
Autobiography of Red Anne Carson
17%
The God of Small Things Arundhati Roy
17%
The Faerie Queene Edmund Spenser
17%
A Good Man Is Hard to Find Flannery O’Connor
17%
Dear Life Alice Munro
11%
The English Patient Michael Ondaatje
11%
Lincoln in the Bardo George Saunders
10%
On Earth We’re Briefly Gorgeous Ocean Vuong
10%
My Name is Red Orhan Pamuk
8%
Kindred Octavia Butler
7%
No matching quizzes found
Score Distribution
Percent of People with Each Score
Percentile by Number Answered
Your Score History
You have not taken this quiz